|
|
|
|
| LEADER |
00000nam2a2200000 4500 |
| 001 |
185633 |
| 005 |
20231031173032.0 |
| 010 |
|
|
|a 5230090200
|
| 035 |
|
|
|a (RuTPU)RU\TPU\book\201373
|
| 090 |
|
|
|a 185633
|
| 100 |
|
|
|a 20101012d1994 m y0rusy50 ca
|
| 101 |
0 |
|
|a rus
|
| 102 |
|
|
|a RU
|
| 105 |
|
|
|a a j 001zy
|
| 200 |
0 |
|
|a Ч. 2. Гл. 6-9
|
| 210 |
|
|
|d 1994
|
| 215 |
|
|
|a 71 с.
|c ил.
|
| 320 |
|
|
|a Библиогр.: с. 66-69.
|
| 461 |
|
1 |
|0 (RuTPU)RU\TPU\book\206289
|t Деформации растяжения-сжатия, изгиба и кручения
|o учебное пособие
|o в 2 ч.
|f Ю. Б. Гольдштейн
|g Петрозаводский государственный университет (ПетрГУ)
|v Ч. 2. Гл. 6-9
|d 1994-
|
| 610 |
1 |
|
|a деформации
|
| 610 |
1 |
|
|a растяжение-сжатие
|
| 610 |
1 |
|
|a изгиб
|
| 610 |
1 |
|
|a кручение
|
| 610 |
1 |
|
|a стержни
|
| 610 |
1 |
|
|a энергетические свойства
|
| 610 |
1 |
|
|a упругие тела
|
| 801 |
|
1 |
|a RU
|b 63413507
|c 20101012
|
| 801 |
|
2 |
|a RU
|b 63413507
|c 20101228
|g RCR
|
| 942 |
|
|
|c BK
|